| 000 | 00000nam##2200000za#4500 |
| 001 | 9.696044 |
| 003 | CaOODSP |
| 005 | 20210624234844 |
| 007 | cr ||||||||||| |
| 008 | 150407|2000||||xxc|||||o f|0| 0 eng|d |
| 040 | |aCaOODSP|beng |
| 043 | |an-cn--- |
| 086 | 1 |aMR21-19/2000E-PDF |
| 110 | 1 |aCanada.|bMedical Research Council of Canada. |
| 245 | 10|aCelebrating the Medical Research Council of Canada : |h[electronic resource]|ba voyage in time, 1960-2000 |
| 260 | |aOttawa - Ontario : |bMedical Research Council of Canada |cc2000. |
| 300 | |a26p.|bphotographs |
| 500 | |aThe catalogue number (MR21-19/2000) and ISBN (0-662-64885-4) for the bilingual print edition have been incorrectly copied in this electronic publication. |
| 590 | |a12-15-Supp|b2012-04-13 |
| 775 | 08|tHommage au Conseil de recherches médicales du Canada : |w(CaOODSP)9.640161 |
| 776 | 0#|tCelebrating the Medical Research Council of Canada : |w(CaOODSP)9.662185 |
| 776 | 0#|tHommage au Conseil de recherches médicales du Canada : |w(CaOODSP)9.662186 |
| 856 | 40|ahttp://publications.gc.ca|qPDF|s739 KB|uhttps://publications.gc.ca/collections/Collection/MR21-19-2000E.pdf |